000 00517nam a22001697a 4500
005 20251108172532.0
008 250721s9999 xx 000 0 ara d
082 1 4 _a269.2/هار
100 1 _aهارون، محمد صبري
245 1 0 _aأحكام الأسواق المالية : الأسهم والسندات /
264 1 _aعمان :
_bدار النفائس،
300 _a358 ص
650 1 7 _aالبنوك الإسلامية
650 1 7 _aالعلاقات (فقه)
942 _2ddc
_cBK
999 _c81887
_d81887